000
00474nam a2200181Ia 4500
008
090124s9999 xx 000 0 und d
082
_b
118164
100
_a
वर्टी अ. वा.
245
_a
पतिव्रता
250
_a
1
260
_c
1979
300
_a
148
600
_a
वर्टी अ. वा.
630
_a
पतिव्रता
700
_a
वर्टी अ. वा.
730
_a
पतिव्रता
942
_c
BOOK
999
_c
164251
_d
164251